| 000 | 01199nam a22003377a 4500 | ||
|---|---|---|---|
| 003 | CHAP | ||
| 005 | 20220329141550.0 | ||
| 008 | 971013s1979 r 00010 d | ||
| 010 | _a70230 | ||
| 011 | _a71202 | ||
| 035 | _a80756 | ||
| 040 | _cCHAP | ||
| 090 | _aFolleto 9337 | ||
| 100 | 0 | 0 |
_aAdnan, Shapan. _9950 |
| 245 |
_aSocial change and rural women _b: possibilities of participation |
||
| 260 |
_aMadison, Wisconsin : _bUniversity of Wisconsin, _c1979 |
||
| 300 | _a20 p. | ||
| 490 |
_aLTC Reprint _v; 137 |
||
| 500 | _aPonencia presentada en : Role of Women in Socioeconomic Development in Bangladesh, proceedings of a seminar held in Dacca, 1976 | ||
| 590 |
_aBATCH-UPD _b10 _c20130110 _lUCH01 _h0636 |
||
| 590 |
_aBATCH-UPD _b10 _c20130410 _lUCH01 _h0319 |
||
| 590 |
_aBATCH-UPD _b10 _c20130913 _lUCH01 _h1938 |
||
| 590 |
_aCONVERSION _b10 _c20130109 _lUCH01 _h1339 |
||
| 650 | 1 | 4 |
_aMujer en comunidades rurales. _979360 |
| 650 | 1 | 4 |
_aMujer _xSituación social _xBangladesh. _979331 |
| 830 | 0 |
_aLTC Reprint _v; 137 _968831 |
|
| 901 | _aBK | ||
| 942 | _cFOLL | ||
| 949 |
_aFolleto 9337 _bBC _cFOLL _d-110971 _eTS2 _fc.2 _i80756 _si |
||
| 949 |
_aFolleto 9337 _bBC _cFOLL _d-33691 _eTS1 _i80756 _mD. _si |
||
| 999 |
_c70230 _d70230 |
||